đź“– 150 premiers mots "L'assassin qui rĂŞvait..." Jonasson - Statistiques

Statistiques générales
  • Ce quiz a Ă©tĂ© pris 14 fois
  • Le rĂ©sultat moyen est 85 sur 150
Statistiques - réponses
Mots % Correct
Ă 
100%
Bergman,
100%
d'
100%
de
100%
des
100%
et
100%
Henrik
100%
il
100%
l'
100%
la
100%
Le
100%
le
100%
s'
100%
ses
100%
son
100%
Suède.
100%
Suède
100%
un
100%
une
100%
ce
91%
ces
91%
du
91%
En
91%
en
91%
homme
91%
ne
91%
né
91%
pas
91%
que
91%
qui
91%
au
82%
avait
82%
fils
82%
grand-
82%
les
82%
Les
82%
père,
82%
père
82%
petit-
82%
plus
82%
tous
82%
dont
73%
vie
73%
dans
64%
premier
64%
toutes
64%
encore
55%
été,
55%
jamais
55%
ans,
45%
chaque
45%
cinq
45%
dix,
45%
jeune
45%
1955,
36%
année,
36%
cents,
36%
choix.
27%
mille
27%
moins
27%
numéro
27%
soixante-
27%
famille
18%
mort,
18%
partir
18%
pouvait ...
18%
sept
18%
sept.
18%
serait
18%
Unique
18%
aĂŻeul
9%
allure
9%
chevaux,
9%
devinrent
9%
domaine,
9%
essaya
9%
tristes
9%
voleurs
9%
attribuait
0%
bandits
0%
bĂŞtes,
0%
bĂŞtes
0%
bientĂ´t
0%
commencèrent
0%
comptoir
0%
défunt
0%
délaisser
0%
derrière
0%
diesel.
0%
envolèrent
0%
Hélas,
0%
hĂ´tels
0%
malheurs
0%
marchand
0%
méridionale :
0%
millions
0%
nuage
0%
paysans --
0%
présager.
0%
profit
0%
refusa
0%
remplie
0%
rĂŞvassait
0%
sauver
0%
tracteurs,
0%
traîtres --
0%
transactions
0%
vendait
0%
violence,
0%
Aucun quiz correspondant
Distribution des résultats
% des personnes avec chaque résultat
Percentile par nombre de réponses
Votre historique - résultats
Vous n’avez pas pris ce quiz